Statistiques concernant Top 15 des pays avec les décès de Covid-19 - 16 mai

Cliquez ici pour prendre le quiz!

Statistiques générales

  • Ce quiz a été pris 20 fois
  • Le résultat moyen est 15 sur 21

Statistiques - réponses

pays% Correct
France
100%
Chine
95%
Etats-Unis
95%
Italie
95%
Allemagne
90%
Royaume-Uni
90%
Espagne
85%
Canada
75%
Mexique
75%
Portugal
75%
Belgique
70%
Brésil
70%
Suisse
70%
Pays-Bas
65%
Suède
65%
Suède
65%
Turquie
60%
Iran
50%
Irlande
50%
Danemark
45%
Équateur
30%

Distribution des résultats

Percentile par nombre de réponses

% des personnes avec chaque résultat

Votre développement - résultats

Vous n’avez pas pris ce quiz